Statistics for Top 10 Friendliest Countries Quiz

Click here to take the quiz!

General Stats

  • This quiz has been taken 22 times
  • The average score is 4 of 10

Answer Stats

RankCountry% Correct
1Iceland
95%
9Ireland
70%
2New Zealand
60%
5Austria
55%
7Portugal
55%
3Morocco
20%
8Bosnia and Herzegovina
10%
4Macedonia
5%
6Senegal
5%
10Burkina Faso
0%

Score Distribution

Percentile by Number Answered

Percent of People with Each Score

Your Score History

You have not taken this quiz